Music in the human experience (Record no. 15811)

MARC details
000 -LEADER
fixed length control field 00600nam a22001697a 4500
008 - FIXED-LENGTH DATA ELEMENTS--GENERAL INFORMATION
fixed length control field 160317b xxu||||| |||| 00| 0 eng d
020 ## - INTERNATIONAL STANDARD BOOK NUMBER
International Standard Book Number 0415881869
040 ## - CATALOGING SOURCE
Original cataloging agency KABU
Transcribing agency KABU
050 ## - LIBRARY OF CONGRESS CALL NUMBER
Classification number ML3830
Item number .H47 2011
100 ## - MAIN ENTRY--PERSONAL NAME
Personal name Hodges, Donald A.
245 ## - TITLE STATEMENT
Title Music in the human experience
Remainder of title an introduction to music psychology
Statement of responsibility, etc. by Donald A. Hodges and David C. Sebald
260 ## - PUBLICATION, DISTRIBUTION, ETC. (IMPRINT)
Place of publication, distribution, etc. New York
Name of publisher, distributor, etc. Routledge
Date of publication, distribution, etc. 2011
300 ## - PHYSICAL DESCRIPTION
Extent xxiii, 439p.
Accompanying material Accompanied by CD-ROM
650 ## - SUBJECT ADDED ENTRY--TOPICAL TERM
Topical term or geographic name as entry element Music
General subdivision Psychological aspects
700 ## - ADDED ENTRY--PERSONAL NAME
Personal name Sebald, David C.
942 ## - ADDED ENTRY ELEMENTS (KOHA)
Source of classification or shelving scheme Library of Congress Classification
Koha item type General Collection
Classification part ML3830 .H47 2011 c. 1
Holdings
Withdrawn status Lost status Source of classification or shelving scheme Not for loan Home library Current library Shelving location Date acquired Cost, normal purchase price Total Checkouts Full call number Barcode Date last seen Copy number Price effective from Koha item type Date last checked out
    Library of Congress Classification   Kabarak, Main Campus Kabarak, Main Campus General Stacks 17/03/2016 8346.00   ML3830 .H47 2011 c. 2 026168 17/03/2016 c. 2 17/03/2016 General Collection  
    Library of Congress Classification   Kabarak, Main Campus Kabarak, Main Campus General Stacks 17/03/2016 9838.00 1 ML3830 .H63 2011 c. 1 026433 21/09/2016 c.1 17/03/2016 General Collection 25/08/2016
Designed with assistance from East African Informatics Ltd